000 01315nam a2200301Ia 4500
001 ebr10227171
003 CaPaEBR
006 m u
007 cr cn|||||||||
008 860208s1985 bccab sb 101 0 eng d
020 _z9780774802291
020 _z9780774857512 (ebook)
040 _aCaPaEBR
_cCaPaEBR
035 _a(OCoLC)236349693
050 1 4 _aHE356.A4
_bA43 1985eb
245 0 4 _aThe Alaska Highway
_h[electronic resource] :
_bpapers of the 40th anniversary symposium /
_cedited by Kenneth Coates.
260 _aVancouver, B.C. :
_bUniversity of British Columbia Press,
_c1985.
300 _axvi, 208 p., [12] p. of plates :
_bill., maps.
504 _aIncludes bibliographies and index.
533 _aElectronic reproduction.
_bPalo Alto, Calif. :
_cebrary,
_d2008.
_nAvailable via World Wide Web.
_nAccess may be limited to ebrary affiliated libraries.
650 0 _aRoads
_zAlaska
_xHistory
_vCongresses.
651 0 _aAlaska Highway
_xHistory
_vCongresses.
655 7 _aElectronic books.
_2local
700 1 _aCoates, Kenneth,
_d1956-
710 2 _aebrary, Inc.
711 2 _aAlaska Highway 40th Anniversary Symposium
_d(1982 :
_cNorthern Lights College)
856 4 0 _uhttp://site.ebrary.com/lib/rucke/Doc?id=10227171
_zAn electronic book accessible through the World Wide Web; click to view
999 _c27759
_d27759